Zur Münzkunde Russlands. (Запись № 13378193)

Подробности
000 -МАРКЕР
контрольное поле 01970nam0a2200385 4500
001 - ИДЕНТИФИКАТОР ЗАПИСИ
контрольное поле RU\NLR\BIBL_A\022484306
005 - ИДЕНТИФИКАТОР ВЕРСИИ
контрольное поле 20260406103313.0
035 ## - ДРУГИЕ СИСТЕМНЫЕ НОМЕРА
Идентификатор записи (NLR Aleph) 022484306
100 ## - ДАННЫЕ ОБЩЕЙ ОБРАБОТКИ
Данные общей обработки 20250311d1805 |||y0rusy50 ca
101 0# - ЯЗЫК РЕСУРСА
Язык текста, звукозаписи и т.д. немецкий
102 ## - СТРАНА ПУБЛИКАЦИИ ИЛИ ПРОИЗВОДСТВА
Страна публикации российская федерация
140 ## - ПОЛЕ КОДИРОВАННЫХ ДАННЫХ: СТАРОПЕЧАТНЫЕ ИЗДАНИЯ - ОБЩАЯ ИНФОРМАЦИЯ
Кодированные данные о старопечатном издании - Основные y y |||||||| ya 1000
200 1# - ЗАГЛАВИЕ И СВЕДЕНИЯ ОБ ОТВЕТСТВЕННОСТИ
Основное заглавие Zur Münzkunde Russlands.
Первые сведения об ответственности Herausgegeben von der Kaiserlichen Akademie der Wissenschaften
210 ## - ПУБЛИКАЦИЯ, РАСПРОСТРАНЕНИЕ И ДР.
Место издания, распространения и т.д. St. Petersburg [St.- Peterburg
Имя издателя, распространителя и т. д. Kaiserliche Akademie der Wissenschaften]
Дата издания, распространения и т.д. 1805
215 ## - ФИЗИЧЕСКАЯ ХАРАКТЕРИСТИКА
Специфическое обозначение материала и объем 200, [2] с.
Размеры 8° (20 см)
304 ## - ПРИМЕЧАНИЯ, ОТНОСЯЩИЕСЯ К ЗАГЛАВИЮ И СВЕДЕНИЯМ ОБ ОТВЕТСТВЕННОСТИ
Текст примечания Авт.: Krug. Указан в конце предисл. на с. 16
306 ## - ПРИМЕЧАНИЯ, ОТНОСЯЩИЕСЯ К ПУБЛИКАЦИИ, РАСПРОСТРАНЕНИЮ И ИСПОЛНЕНИЯ ИЗДАНИЯ
Текст примечания Изд. установл. по: KVK
316 ## - ПРИМЕЧАНИЯ ОБ ОСОБЕННОСТЯХ ЭКЗЕМПЛЯРА
Текст примечания Экз. РНБ (13.7.9.60): Экз. деф.: после с. 64 ошибочно вплет. с. 67-68, после с. 66 — с. 71-72, после с. 70 — с. 75-76, после с. 74 — с. 79-80, после с. 78 — с. 81-82. Размер: 19 см. Синий крапчатый обрез. На тит. л. рукоп. помета (запись)
Организация и экземпляр, к которому относится поле NLR: 13.7.9.60
540 1# - ДОПОЛНИТЕЛЬНОЕ ЗАГЛАВИЕ, ПРИМЕНЯЕМОЕ КАТАЛОГИЗАТОРОМ
Заглавие [О древних русских монетах]
606 1# - НАИМЕНОВАНИЕ ТЕМЫ КАК ПРЕДМЕТ
Наименование темы Монеты
Географический подзаголовок Россия
Системный номер авторитетной/нормативной записи 2138985
Идентификатор авторитетной/нормативной записи RU\NLR\AUTH\661289464
620 ## - МЕСТО И ДАТА ПУБЛИКАЦИИ, ИСПОЛНЕНИЯ И Т. Д.
Город St.- Peterburg
686 0# - ИНДЕКСЫ ДРУГИХ КЛАССИФИКАЦИЙ
Индекс Т221(2)
700 #1 - ИМЯ ЛИЦА - ПЕРВИЧНАЯ ОТВЕТСТВЕННОСТЬ
Код отношения Автор
Материалы, к которым относится поле rus
Графика поля Латинская
Начальный элемент ввода Krug
Часть имени, кроме начального элемента ввода F. I.
Даты 1764-1844
Расширение инициалов личного имени Filipp Ivanovič
Идентификатор авторитетной/нормативной записи RU\NLR\AUTH\7783993
Системный номер авторитетной/нормативной записи 66921
712 02 - НАИМЕНОВАНИЕ ОРГАНИЗАЦИИ - ВТОРИЧНАЯ ОТВЕТСТВЕННОСТЬ
Код отношения Редактор
-- Издатель
Материалы, к которым относится поле ger
Начальный элемент ввода Akademie der Wissenschaften
Идентифицирующий признак Petersburg
Графика поля Латинская
Идентификатор авторитетной/нормативной записи RU\NLR\AUTH\881042
Системный номер авторитетной/нормативной записи 272474
852 ## - МЕСТОНАХОЖДЕНИЕ И ШИФР ХРАНЕНИЯ
Идентификатор организации NLR
Наименование фонда или коллекции (Sub-Location Identifier) Rossica
Шифр хранения (Call Number) 13.7.9.60a
852 ## - МЕСТОНАХОЖДЕНИЕ И ШИФР ХРАНЕНИЯ
Идентификатор организации NLR
Наименование фонда или коллекции (Sub-Location Identifier) Rossica
Шифр хранения (Call Number) 13.7.9.60
942 ## - ДОПОЛНИТЕЛЬНЫЕ ЭЛЕМЕНТЫ ЗАПИСИ (АБИС)
Тип экземпляра АБИС Книга
980 ## - КОЛЛЕКЦИЯ
Название коллекции Иностранная рекаталогизация: 17-19 век
980 ## - КОЛЛЕКЦИЯ
Название коллекции Национальная библиография

Нет доступных экземпляров.